000 00816nam a2200193 i 4500
001 103727
003 ES-MaACL
005 20230906183432.0
007 t|
008 051117s1915 sp ||||1| spa d
100 1 _aMerino Alvarez, Abelardo.
_980534
245 1 0 _aGeografía histórica del territorio de la actual provincia de Murcia desde la reconquista por D. Jaime I de Aragón hasta la época presente /
_cAbelardo Merino Álvarez.
260 _aMadrid :
_b[s.n.],
_c1915 (
_fImp. del Patronato de Huérfanos de Intendencia e Intervención Militares)
300 _a516 p. ;
_c25 cm.
651 4 _aMurcia (Comunidad Autónoma)-
_xGeografía histórica.
_9157747
710 2 _aPatronato de Huérfanos de Intendencia e Intervención Militares.
_96172
852 _aES-MaACL
_jF-1319
852 _aES-MaACL
_jF-9894
999 _c103727
_d103727